| 000 | 00694nam a22001817a 4500 | ||
|---|---|---|---|
| 005 | 20220818092933.0 | ||
| 008 | 220817s2017mx |||a|||f |||| 00| 0 spa d | ||
| 040 |
_cCHAP _erda |
||
| 082 |
_a630.922 _bA51 _222 |
||
| 245 |
_aAmigos para siempre generación 1967 cincuenta aniversario : _bEscuela Nacional de Agricultura / _ccompilado por Leopoldo Ernesto Mendoza Onofre. |
||
| 250 | _aSegunda edición. | ||
| 264 |
_aMéxico : _b[editor desconocido] _c2017. |
||
| 300 |
_a219 páginas : _bfotografias. |
||
| 650 | 0 |
_9185421 _aENA _xEstudiantes _y1967-2017 _vAnecdotas |
|
| 650 | 7 |
_935491 _aEducación agrícola |
|
| 700 | 0 |
_974706 _aMendoza Onofre, Leopoldo Ernesto _ecompilador |
|
| 942 |
_2ddc _cLIBRO |
||
| 999 |
_c217608 _d217608 |
||